| 000 | 00791nam a2200265 a 4500 | ||
|---|---|---|---|
| 001 | 13212 | ||
| 003 | BD-JhCC | ||
| 005 | 20230726102816.0 | ||
| 008 | 230726s20192021bg |||| |||| 000 0 ben d | ||
| 035 | _a(BD-JhCC)13212 | ||
| 040 |
_aBD-JhCC _dBD-JhCC |
||
| 041 | _aben | ||
| 082 |
_a398.20956 _bMOS 2021 |
||
| 100 | _aMosleh, Tabassum | ||
| 245 |
_aThe crying tree / _cTabassum Mosleh; illus. by Md Musfique Akhter Rono and edited by Abu Tasmiya Ahmed Rafique |
||
| 260 |
_aDhaka : _bSean Publication, _c2021 |
||
| 300 |
_a20 pages : _bcolor pages; _c17 cm. |
||
| 490 | _aLevel-1 | ||
| 504 | _aIncludes Bibliography. | ||
| 650 | _aJuvenile Literature | ||
| 650 | _aIslamic story | ||
| 700 | _aRono, Md Musfique Akhter | ||
| 700 | _aRafique, Abu Tasmiya Ahmed | ||
| 942 |
_2ddc _cBK |
||
| 999 |
_c13212 _d13212 |
||